| 000 | 01246cam a22003494a 4500 | ||
|---|---|---|---|
| 001 | 1960 | ||
| 003 | FISKH | ||
| 005 | 20231020153906.0 | ||
| 008 | 040512s2005 nyua j b 001 0 eng | ||
| 010 | _a 2004011131 | ||
| 020 | _a0516236253 | ||
| 020 | _a9780531208335 | ||
| 040 |
_aDLC _cDLC _dDLC _beng |
||
| 042 | _apcc | ||
| 043 |
_an-us-ny _an-us-nj _an-us--- |
||
| 050 | 0 | 0 |
_aJV6484 _b.J36 2005 |
| 082 | 0 | 0 |
_a304.8/73 _222 |
| 100 | 1 | _aJango-Cohen, Judith. | |
| 245 | 1 | 0 |
_aEllis Island / _cJudith Jango-Cohen. |
| 260 |
_aNew York : _bScholastic, _c2005. |
||
| 300 |
_a48 pages : _bcolor illustrations ; _c25 cm |
||
| 440 | 0 |
_aCornerstones of freedom. _nSecond series |
|
| 505 | _aW | ||
| 520 | _aDramatic and defining moments in American history come vividly the life in the Cornerstones of Freedom series. | ||
| 521 | 8 |
_a880
_bLexile |
|
| 521 | 8 |
_aW
_bRaz-Plus |
|
| 610 | 2 | 0 |
_aEllis Island Immigration Station (N.Y. and N.J.) _xHistory _vJuvenile literature. |
| 650 | 0 |
_aImmigrants _zUnited States _xHistory _y20th century _vJuvenile literature. |
|
| 651 | 0 |
_aUnited States _xEmigration and immigration _xHistory _y20th century _vJuvenile literature. |
|
| 906 |
_a7 _bcbc _corignew _d1 _eecip _f20 _gy-gencatlg |
||
| 942 |
_2ddc _cBK _n0 |
||
| 999 |
_c1960 _d1960 |
||